000
00295nam a2200121Ia 4500
001
65575
008
220902n ii |||gr||||Z||||||465
082
_a
892.7
245
0
_a
Maasatu jainab
_c
Ali Ahmad Bakasir
_h
Textual Documents
300
_c
20cm.
653
_a
Arabic Literature
942
_2
ddc
_c
BK
999
_c
66675
_d
66675